Регионална библиотека "Любен Каравелов" - Русе

Die Streichquartette [CD аудио] (Запис номер 215614)

MARC детайли
000 -Лидер
Контролно поле с фиксирана дължина 01500njm a2200397 c 4500
003 - Код на организацията, давaща контролен номер
Контролно поле BLK
005 - Дата и час на последна редакция
Контролно поле 20241005005451.0
008 - Елементи от данни с фиксирана дължина
fixed length control field 180410b bul||n||s|||||||| n|bulo|
010 ## - Наследен системен номер
LC control number CDD00000352000
040 ## - Източник на каталожния запис
Идентификатор на билиотеката - собственик на записа BLK
041 ## - Код за език
Код за езика на текст/звукозапис или на отделно заглавие Немски
Код за езика КДБФ Немски
080 ## - УДК
Текстов определител УДК Квартет от струнни инструменти
УДК код - определител по УДК 785.74:787.1/.4
УДК определител
УДК - код + определител 785.74:787.1/.4
100 ## - Редна дума - Автор
Автор Моцарт, Волфганг Амадеус
Дати, свързани с автора 1756 - 1791
R(LIN) 368558
139 ## - Редно поле
Редна дума Моцарт, Волфганг Амадеус
Авторски знак Мот - М 93
245 10 - Сведения за заглавието
Заглавие Die Streichquartette [CD аудио]
Подзаглавни данни CD 1-6
Редно поле (дума) Волфганг Амадеус Моцарт; * Wolfgang Amadeus Mozart; изп. Amadeus Quartet.
Том CD 2
257 ## - Страна на издаване
Страна на създаване/издаване Германия
260 ## - Област на издателските данни
-- Hamburg
Име на издателя, разпространителя и проч. Polydor
Година на издаване s.a.
300 ## - Физическа характеристика
Размери/Мащаб 12 cm.
Тип мерна единица бр. в к-т
Количество на мерната единица 1 CD
380 ## - Жанр
Жанр Изкуство
505 ## - Форматирана забележка
Подзаглавни данни A-dur KV169
Заглавие Streichquartett
505 ## - Форматирана забележка
Подзаглавни данни C-dur KV170
Заглавие Streichquartett
505 ## - Форматирана забележка
Подзаглавни данни Es-dur KV171
Заглавие Streichquartett
505 ## - Форматирана забележка
Подзаглавни данни B-dur KV172
Заглавие Streichquartett
505 ## - Форматирана забележка
Подзаглавни данни d-moll KV173
Заглавие Streichquartett
650 #4 - Допълнително описание по предмет – тема
Основно описание – тема или топоним Квартети - струнни
9 (RLIN) 353180
653 ## - Ключова дума – ненормативна
Ключова дума струнни квартети
700 ## - Други автори (авторска отговорност)
Лично име Mozart, Wolfgang Amadeus
Дати, свързани с автора 1756 - 1791
9 (RLIN) 386874
700 1# - Други автори (авторска отговорност)
Лично име Amadeus Quartet
Автороска отговорност (Описва отношението между автора и произведението) изп.
9 (RLIN) 353575
760 1# - Описание на основната серия
Редна дума на основното описание Моцарт, Волфганг Амадеус
Страници - том 71мин. 7сек.
Заглавие CD 2
852 ## - Местоположение
Форматна сигнатура Цб CD 1890
Част 5
856 4# - Електронен адрес и достъп
Електронен формат pdf - файл
Път до файла /url/
856 4# - Електронен адрес и достъп
Електронен формат pdf - файл
Път до файла /url/
942 ## - АРТИКУЛИ
Вид на библиотечния материал Компактдискове
Скрит в OPAC Не
944 ## - СЪЗДАВАНЕ И РЕДАКЦИЯ на ЗАПИСА
Създаване/Редакция Създаване
Дата на регистрацията/редакция 06.10.2008
Служител, извършил регистрацията/редакцията
Статус, дата на статуса CRON CRON
944 ## - СЪЗДАВАНЕ И РЕДАКЦИЯ на ЗАПИСА
Създаване/Редакция Редакция
Дата на регистрацията/редакция 06.10.2008
Служител, извършил регистрацията/редакцията
999 ## - СИСТЕМНИ КОНТРОЛНИ НОМЕРА
Koha biblionumber 215614
Koha biblioitemnumber 215614
Наличности
Код за отписване Код за изгубен артикул Източник на класификационната схема Код за повреда Коз за рестрикции Код за отдаване Артикулен № Име на библиотеката - собственик Име на библиотеката, в която се намира в момента Статус (Текущо местоположение) Дата на вписване в системата Местоположение - отдел Цена в лева Инвентарен номер Систематично азбучна сигнатура Баркод Номер на екземпляра Цена в евро Служебна бележка Служебен тип на артикула
  Не е изгубен Universal Decimal Classification Не е повреден без рестрикции заемане за дома 386983 Регионална библиотека "Любен Каравелов" Русе Регионална библиотека "Любен Каравелов" Русе Отдел Изкуство - подръчен фонд 2000-01-01 Отдел Изкуство - подръчен фонд 6.00 120000905804 785/M 91 120000905804 1 3.07 Дост: DA Вид: А Дата: 01.01.2000 Компактдискове
Vip Innovations Ltd, Rousse, Bulgaria 2025